000 00793nam a2200265 i 4500
001 172678
003 ES-MaACL
005 20250823111910.0
007 t|
008 090819s1989 fr ||||1| fre d
020 _a2-13-042091-5
080 _a792.7
100 1 _aCorvin, Michel.
_940965
245 1 3 _aLe théâtre de boulevard /
_cMichel Corvin.
250 _a1re éd.
260 _aParis :
_bPresses Universitaires de France,
_c1989.
300 _a127 p. ;
_c18 cm.
490 1 _aQue sais-je ? ;
_v2442
650 7 _aVodevil
_2embne
_9242019
650 4 _aTeatro francés-
_xHistoria y crítica.
_9174692
830 1 0 _aQue sais-je?
_v2442
_9180931
852 4 _aES-MaACL
_jE-12977
_z- Biblioteca Jacinto Martínez Lacalle
942 _2udc
999 _c172678
_d172678